| 000 -LEADER |
| fixed length control field |
01490nam a22001577a 4500 |
| 008 - FIXED-LENGTH DATA ELEMENTS--GENERAL INFORMATION |
| fixed length control field |
220429b ||||| |||| 00| 0 eng d |
| 100 ## - MAIN ENTRY--PERSONAL NAME |
| Personal name |
Madee, Anna and Mushi, Andrew |
| 245 ## - TITLE STATEMENT |
| Title |
Untangling blame and responsibility for service delivery and local governance performance: Testing a grounded social accountability approach in Tanzania |
| 260 ## - PUBLICATION, DISTRIBUTION, ETC. (IMPRINT) |
| Place of publication, distribution, etc |
Local Government Studies |
| 300 ## - PHYSICAL DESCRIPTION |
| Extent |
47(6), Dec, 2021: p.993-1013 |
| 520 ## - SUMMARY, ETC. |
| Summary, etc |
We examine the gap between theory and practice in social accountability mechanisms to improve local governance performance in Tanzania. We do so through drawing on an ethnographic investigation tracing lines of blame and responsibility for service delivery, from individual citizens up to the central state incorporating a total of 340 interviews and 12 focussed group discussions. We have two keys findings: Firstly, that there is a wide divergence between formal lines of accountability and where actors direct blame for performance failure in practice. Secondly, building a collective understanding of this divergence provides an effective starting point for intervention to improve performance. Our conclusion is that dominant assumptions on social accountability interventions require significant revision in light of our findings. – Reproduced
|
| 650 ## - SUBJECT ADDED ENTRY--TOPICAL TERM |
| Topical term or geographic name as entry element |
Local governance, Service delivery, Social accountability, Blame, Tanzania. |
| 9 (RLIN) |
30911 |
| 773 ## - HOST ITEM ENTRY |
| Main entry heading |
Local Government Studies |
| 906 ## - LOCAL DATA ELEMENT F, LDF (RLIN) |
| Subject DIP |
LOCAL GOVERNMENT |
| 942 ## - ADDED ENTRY ELEMENTS (KOHA) |
| Item type |
Articles |